| 000 | 00691 a2200241 4500 | ||
|---|---|---|---|
| 999 |
_c9385 _d9385 |
||
| 020 | _a9780415418461 (pbk.) | ||
| 020 | _a0415418461 (pbk) | ||
| 020 | _a9780415571661 (hbk) | ||
| 020 | _a0415571669 (hbk) | ||
| 020 | _a9780203842546 (eBook) | ||
| 020 | _a0203842545 (eBook) | ||
| 050 | 0 | 0 | _aKF 3775 WOL 2011 |
| 100 | 1 |
_aWolf, Susan, _d1959- |
|
| 245 | 1 | 0 |
_aWolf and Stanley on environmental law / _cSusan Wolf and Neil Stanley. |
| 250 | _a5th ed. | ||
| 264 |
_aLondon: _bRoutledge; _c2011 |
||
| 300 | _axlvi, 632 p. ; | ||
| 500 | _aIncludes index | ||
| 650 | 0 | _aEnvironmental law | |
| 650 | 0 | _aEnvironmental law | |
| 700 | 1 | _aStanley, Neil. | |
| 942 |
_2lcc _cBK _e5th _h3775 _iWOL _kKF |
||